000
00261nam a22001217a 4500
041
_a
ENG
100
_a
J.A Edminister
245
_a
Electromagnetics 2/ed
260
_a
New Delhi
_b
Tata Mcgraw
_c
1993
300
_a
322
650
_a
EOES (14 )
856
_u
EOES
999
_c
2683
_d
2683